Statistiques concernant Frontières de l'Union soviétique

Cliquez ici pour prendre le quiz!

Statistiques générales

  • Ce quiz a été pris 13 529 fois
  • Le résultat moyen est 9 sur 12

Statistiques - réponses

Pays% Correct
Chine
97%
Pologne
91%
Mongolie
87%
Finlande
86%
Roumanie
79%
Turquie
79%
Corée du Nord
74%
Afghanistan
69%
Iran
69%
Hongrie
68%
Norvège
59%
Tchécoslovaquie
47%

Distribution des résultats

Percentile par nombre de réponses

% des personnes avec chaque résultat

Votre développement - résultats

Vous n’avez pas pris ce quiz